LEADER 02169oam 2200493M 450 001 9910715811603321 005 20191123061944.1 035 $a(CKB)5470000002515973 035 $a(OCoLC)1064035914 035 $a(OCoLC)995470000002515973 035 $a(EXLCZ)995470000002515973 100 $a20070221d1863 ua 0 101 0 $aeng 135 $aurcn||||||||| 181 $ctxt$2rdacontent 182 $cc$2rdamedia 183 $acr$2rdacarrier 200 10$aAdmission of Kansas into the Union. Letter from the Governor of Kansas, transmitting resolutions of the Legislature relative to the passage of a law explanatory of the act of admission into the Union relative to certain public land granted by said act. February 23, 1863. -- Laid on the table, and ordered to be printed 210 1$a[Washington, D.C.] :$c[U.S. Government Printing Office],$d1863. 215 $a1 online resource (2 pages) 225 1 $aMis. doc. / 37th Congress, 3rd session. House ;$vno. 21 225 1 $a[United States congressional serial set] ;$v[serial no. 1171] 300 $aBatch processed record: Metadata reviewed, not verified. Some fields updated by batch processes. 300 $aFDLP item number not assigned. 606 $aFederal government 606 $aLand grants 606 $aResolutions, Legislative 606 $aSchool lands 606 $aStatehood (American politics) 608 $aLegislative materials.$2lcgft 615 0$aFederal government. 615 0$aLand grants. 615 0$aResolutions, Legislative. 615 0$aSchool lands. 615 0$aStatehood (American politics) 701 $aCarney$b Thomas$f1824-1888.$01403171 801 0$bWYU 801 1$bWYU 801 2$bOCLCO 801 2$bOCLCQ 906 $aBOOK 912 $a9910715811603321 996 $aAdmission of Kansas into the Union. Letter from the Governor of Kansas, transmitting resolutions of the Legislature relative to the passage of a law explanatory of the act of admission into the Union relative to certain public land granted by said act. February 23, 1863. -- Laid on the table, and ordered to be printed$93475205 997 $aUNINA LEADER 03284nam 2200697 a 450 001 9910806893603321 005 20230725053745.0 010 $a9786613333162 010 $a9781119963844 010 $a1119963842 010 $a9781283333160 010 $a1283333163 010 $a9781119963868 010 $a1119963869 010 $a9781119963837 010 $a1119963834 035 $a(CKB)2550000000062149 035 $a(EBL)819207 035 $a(OCoLC)815954458 035 $a(SSID)ssj0000564521 035 $a(PQKBManifestationID)11378564 035 $a(PQKBTitleCode)TC0000564521 035 $a(PQKBWorkID)10602455 035 $a(PQKB)11502540 035 $a(MiAaPQ)EBC819207 035 $a(Au-PeEL)EBL819207 035 $a(CaPaEBR)ebr10509836 035 $a(CaONFJC)MIL333316 035 $a(Perlego)1013284 035 $a(EXLCZ)992550000000062149 100 $a20110718d2011 uy 0 101 0 $aeng 135 $aur|n|---||||| 181 $ctxt 182 $cc 183 $acr 200 00$aAtrial fibrillation ablation $ethe state of the art based on the VeniceChart international consensus document /$fedited by Andrea Natale, Antonio Raviele 205 $a2011 update. 210 $aChichester, West Sussex $cWiley-Blackwell$d2011 215 $a1 online resource (233 p.) 300 $aDescription based upon print version of record. 311 08$a9780470674154 311 08$a0470674156 320 $aIncludes bibliographical references and index. 327 $aAnatomy of structures relevant to atrial fibrillation ablation -- Pathophysiology of atrial fibrillation -- Techniques and technologies for atrial fibrillation catheter ablation -- Endpoints of catheter ablation for atrial fibrillation -- Patients management pre-, during and post-ablation -- Periprocedural and long-term anticoagulation -- Periprocedural and late complications -- Short- and long-term efficacy -- Indications to atrial fibrillation ablation and cost effectiveness -- Clinical trials on atrial fibrillation / future perspectives -- Surgical approach / ablation -- Hospital equipment and facilities, personnel, training requirements and competences. 330 $aThis concise text presents best practices for all aspects of atrial fibrillation ablation as outlined in the new version of the VeniceChart International Consensus document, which is presented in conjunction with the biannual Venice Arrhythmias conference. In addition to discussing the latest in a-fib ablation research, this 2011 update covers all the key areas of therapy and patient management, including: Techniques and technologies Procedural endpoints Patient management pre-, peri- and post-ablation Prevention and treatment of complications Definition of success and 606 $aAtrial fibrillation$xTreatment 606 $aCatheter ablation 608 $aPractice Guideline. 615 0$aAtrial fibrillation$xTreatment. 615 0$aCatheter ablation. 676 $a616.1/280076 701 $aNatale$b Andrea$0480355 701 $aRaviele$b Antonio$0940883 801 0$bMiAaPQ 801 1$bMiAaPQ 801 2$bMiAaPQ 906 $aBOOK 912 $a9910806893603321 996 $aAtrial fibrillation ablation$92121662 997 $aUNINA